| 000 | 01341nam0a2200289 4500 | ||
|---|---|---|---|
| 001 | RU\NLR\bibl\840891 | ||
| 005 | 20250614144912.0 | ||
| 021 |
_aRU _b2005-50906 _92482 |
||
| 035 | _a(NLR Aleph) 000829715 | ||
| 090 |
_a1353026 _c1353026 |
||
| 100 | _a20050915d2005 |||y0rusy50 ca | ||
| 101 | 0 | _arus | |
| 102 | _aRU | ||
| 105 | _ay ||||||||| | ||
| 200 | 1 |
_aМетодические принципы и стохастические основы подготовки крупных лотерейных проектов _e[учебное пособие] _fУрлов Е.С., Черепанов Е.В. _gАкад. менеджмента инноваций, Каф. "Соц.-экон. и полит менеджмент", Бюро экон. и социал. технологий - БЭСТ АМИ |
|
| 210 |
_aМосква _cАМИ _d2005 |
||
| 215 |
_a35 с. _d21 |
||
| 320 | _aБиблиогр.: с. 35 (20 назв.) | ||
| 606 | 1 |
_aЛотереи _jУчебные издания _yРоссийская Федерация _92343617 _3RU\NLR\auth\661400676 |
|
| 686 | _aУ26(2)229.2я7 | ||
| 700 | 1 |
_aУрлов _bЕ. С. _4070 |
|
| 701 | 1 |
_aЧерепанов _bЕ. В. _gЕвгений Васильевич _4070 |
|
| 801 | 0 |
_aRU _bNLR _c20050915 _grcr |
|
| 801 | 1 |
_aRU _bNLR _c20050915 |
|
| 830 | _a2-й авт. по эк | ||
| 942 | _cBOOK | ||
| 980 | _aNB | ||